Let us return to the 1945 Constitution. (Record no. 87012)
[ view plain ]
| 000 -LEADER | |
|---|---|
| fixed length control field | 00630cam a2200205 4500 |
| 001 - CONTROL NUMBER | |
| control field | sa 68016304 |
| 003 - CONTROL NUMBER IDENTIFIER | |
| control field | DLC |
| 005 - DATE AND TIME OF LATEST TRANSACTION | |
| control field | 20260227112653.0 |
| 008 - FIXED-LENGTH DATA ELEMENTS--GENERAL INFORMATION | |
| fixed length control field | 700709s1959 io 00000 eng |
| 010 ## - LIBRARY OF CONGRESS CONTROL NUMBER | |
| LC control number | sa 68016304 //r85 |
| 025 ## - OVERSEAS ACQUISITION NUMBER | |
| Overseas acquisition number | PL480:Indo-4576 |
| 050 0# - LIBRARY OF CONGRESS CALL NUMBER | |
| Classification number | JQ63 1959 |
| Item number | .S8 |
| 100 10 - MAIN ENTRY--PERSONAL NAME | |
| Personal name | Soekarno, |
| Dates associated with a name | 1901-1970. |
| 245 00 - TITLE STATEMENT | |
| Title | Let us return to the 1945 Constitution. |
| 260 0# - PUBLICATION, DISTRIBUTION, ETC. | |
| Place of publication, distribution, etc. | [Djakarta] |
| Name of publisher, distributor, etc. | Ministry of Information, Republic of Indonesia |
| Date of publication, distribution, etc. | [1959] |
| 300 ## - PHYSICAL DESCRIPTION | |
| Extent | 51 p. |
| Dimensions | 21 cm. |
| 500 ## - GENERAL NOTE | |
| General note | "Special issue, 38." |
| 651 #0 - SUBJECT ADDED ENTRY--GEOGRAPHIC NAME | |
| Geographic name | Indonesia |
| General subdivision | Politics and government |
| Chronological subdivision | 1950-1966. |
| 710 10 - ADDED ENTRY--CORPORATE NAME | |
| Corporate name or jurisdiction name as entry element | Indonesia. |
| Form subheading | Constitution, 1959. |
No items available.